[Event "Bundesliga 2014/15"]
[Site "Rostock GER"]
[Date "2015.02.01"]
[EventDate "2014.10.18"]
[Round "9.3"]
[Result "0-1"]
[White "Aleksander Mista"]
[Black "Jan-Krzysztof Duda"]
[WhiteElo "2616"]
[BlackElo "2599"]
[PlyCount "104"]

1. e4 c5 2. Nf3 d6 3. d4 cxd4 4. Nxd4 Nf6 5. Nc3 a6 6. g3 e6
7. Bg2 Bd7 8. g4 h6 9. h4 Nc6 10. g5 Nxd4 11. Qxd4 Ng4 12. f4
Rc8 13. Bf3 h5 14. Bxg4 hxg4 15. Be3 b5 16. O-O-O Qc7 17. Kb1
Qc4 18. Qd3 Qxd3 19. cxd3 f6 20. Rdg1 b4 21. Ne2 Bb5 22. Nc1
f5 23. exf5 exf5 24. Bd4 Kf7 25. h5 Ke6 26. b3 Kd5 27. Bb2 Rh7
28. h6 gxh6 29. g6 Rhc7 30. Rh5 Rxc1+ 31. Rxc1 Bxd3+ 32. Ka1
Rxc1+ 33. Bxc1 Ke4 34. Bb2 g3 35. Rh3 Kxf4 36. g7 Bxg7
37. Bxg7 Kg4 38. Rxh6 f4 39. Rxd6 f3 40. Rd4+ Kh3 41. Rf4 f2
42. Bd4 Kg2 43. a3 Be2 44. Bxf2 gxf2 45. Rxf2+ Kxf2 46. axb4
Ke1 47. Kb2 Kd2 48. Kb1 Bd3+ 49. Kb2 Bc2 50. Ka1 Kc1 51. Ka2
Bd3 52. Ka1 Bb1 0-1

[Event "European Individual Championship"]
[Site "Jerusalem ISR"]
[Date "2015.02.24"]
[EventDate "2015.02.24"]
[Round "1.68"]
[Result "1-0"]
[White "Jan-Krzysztof Duda"]
[Black "Omer Kali"]
[WhiteElo "2591"]
[BlackElo "2089"]
[PlyCount "73"]

1. e4 e5 2. Nf3 Nc6 3. Bb5 a6 4. Ba4 Nf6 5. O-O b5 6. Bb3 Bb7
7. d3 Be7 8. Re1 O-O 9. Nbd2 Re8 10. c3 h6 11. Nf1 Bf8 12. Ng3
Na5 13. Bc2 c5 14. Bd2 Nc6 15. d4 cxd4 16. cxd4 d6 17. d5 Nb8
18. a4 Nbd7 19. axb5 axb5 20. Bd3 Ba6 21. b4 Qb8 22. Qe2 Qb7
23. Ra5 Reb8 24. Rea1 Ne8 25. Nh4 Ndf6 26. Nhf5 Nc7 27. Qf3
Nfe8 28. Nh5 Qc8 29. Nhxg7 Nxg7 30. Nxh6+ Kh7 31. Qxf7 Qd8
32. Qg8+ Kg6 33. Nf7 Qe8 34. h4 Qxf7 35. h5+ Kf6 36. Bg5+ Kxg5
37. Qxf7 1-0

[Event "European Individual Championship"]
[Site "Jerusalem ISR"]
[Date "2015.02.25"]
[EventDate "2015.02.24"]
[Round "2.46"]
[Result "0-1"]
[White "Daniil Yuffa"]
[Black "Jan-Krzysztof Duda"]
[WhiteElo "2469"]
[BlackElo "2591"]
[PlyCount "74"]

1. d4 d5 2. c4 e6 3. Nf3 Nf6 4. g3 dxc4 5. Bg2 a6 6. O-O Nc6
7. Bg5 Be7 8. e3 Bd7 9. Bxf6 gxf6 10. Nfd2 Na5 11. Qh5 c5
12. d5 Qb6 13. Nc3 Qxb2 14. Nde4 f5 15. dxe6 Bxe6 16. Bh3 Qb6
17. Rab1 Qc6 18. Bxf5 Bxf5 19. Qxf5 Qe6 20. Qf4 f5 21. Qc7 Nc6
22. Nd2 b5 23. Nf3 O-O 24. Rbd1 Ra7 25. Qf4 Nb4 26. Ne1 Bf6
27. Ne2 Rd7 28. Rxd7 Qxd7 29. Ng2 c3 30. e4 Nd3 31. Qe3 Re8
32. Nef4 fxe4 33. Nh5 Bd4 34. Qg5+ Kh8 35. Nh4 Qf7 36. Kg2 Rg8
37. Qh6 Qxh5 0-1

[Event "European Individual Championship"]
[Site "Jerusalem ISR"]
[Date "2015.02.26"]
[EventDate "2015.02.24"]
[Round "3.5"]
[Result "1/2-1/2"]
[White "Jan-Krzysztof Duda"]
[Black "Alexander Motylev"]
[WhiteElo "2591"]
[BlackElo "2665"]
[PlyCount "66"]

1. e4 c6 2. d4 d5 3. Nc3 dxe4 4. Nxe4 Bf5 5. Ng3 Bg6 6. Nh3
Nf6 7. Nf4 e5 8. Nxg6 hxg6 9. dxe5 Qa5+ 10. Bd2 Qxe5+ 11. Qe2
Nbd7 12. Qxe5+ Nxe5 13. Be2 O-O-O 14. Rd1 Bc5 15. O-O Bd4
16. Bc1 Bb6 17. h3 Nd5 18. Ne4 f6 19. c4 Nb4 20. Bf4 Bc7
21. Nc5 Bb8 22. a3 Nc2 23. Bxe5 Bxe5 24. Bd3 Nd4 25. Bxg6 Rh6
26. Bd3 g5 27. Rfe1 g4 28. Re3 Rg8 29. Nb3 gxh3 30. Nxd4 Rxg2+
31. Kh1 Rh2+ 32. Kg1 Rg2+ 33. Kh1 Rh2+ 1/2-1/2

[Event "European Individual Championship"]
[Site "Jerusalem ISR"]
[Date "2015.03.01"]
[EventDate "2015.02.24"]
[Round "5.20"]
[Result "1/2-1/2"]
[White "Jan-Krzysztof Duda"]
[Black "Grzegorz Gajewski"]
[WhiteElo "2591"]
[BlackElo "2646"]
[PlyCount "80"]

1. e4 e5 2. Nf3 Nc6 3. Bb5 a6 4. Ba4 Nf6 5. O-O Be7 6. Re1 b5
7. Bb3 d6 8. c3 O-O 9. h3 Na5 10. Bc2 c5 11. d4 cxd4 12. cxd4
Re8 13. Nc3 exd4 14. Nxd4 Bb7 15. Nf5 Bf8 16. Bg5 h6 17. Bh4
Nc4 18. Qd4 g5 19. Bg3 Nh5 20. Bh2 Qf6 21. Qd1 Nf4 22. Bxf4
gxf4 23. Bb3 Nxb2 24. Nd5 Bxd5 25. Qxd5 Rac8 26. Rac1 Rc5
27. Qd2 Rxc1 28. Qxc1 d5 29. Qxf4 Nc4 30. Bxc4 bxc4 31. Re3
dxe4 32. Qg4+ Qg5 33. Rc3 Re5 34. Ng3 Qxg4 35. hxg4 Bc5
36. Rxc4 e3 37. fxe3 Rxe3 38. Rxc5 Rxg3 39. Ra5 Rxg4 40. Rxa6
Kg7 1/2-1/2

[Event "European Individual Championship"]
[Site "Jerusalem ISR"]
[Date "2015.03.02"]
[EventDate "2015.02.24"]
[Round "6.22"]
[Result "0-1"]
[White "Alexey Dreev"]
[Black "Jan-Krzysztof Duda"]
[WhiteElo "2643"]
[BlackElo "2591"]
[PlyCount "132"]

1. d4 Nf6 2. c4 e6 3. Nf3 d5 4. Bg5 c6 5. Qc2 Nbd7 6. Nbd2 Qa5
7. g3 h6 8. Bxf6 Nxf6 9. Bg2 Be7 10. O-O O-O 11. Ne5 Rd8
12. a3 Qc7 13. Nd3 a5 14. Rac1 a4 15. Nf3 Bd7 16. Nfe5 Be8
17. e3 Ra5 18. Rfd1 Rda8 19. Qe2 Qd8 20. Rc2 Bd6 21. Rdc1 Qe7
22. Qe1 Ne4 23. Nf3 Qf6 24. Re2 Bc7 25. Nd2 Nd6 26. Ne5 Qd8
27. Nd3 R5a7 28. Qd1 Ba5 29. c5 Nf5 30. Nb1 Bc7 31. Nc3 Ne7
32. Re1 Ra5 33. Bf3 Ng6 34. Bh5 Nf8 35. f4 Nd7 36. Nb4 Nf6
37. Bf3 b6 38. cxb6 Bxb6 39. Kg2 c5 40. dxc5 Rxc5 41. e4 dxe4
42. Nxe4 Nxe4 43. Bxe4 Rxc1 44. Qxd8 Rxd8 45. Rxc1 Rd2+
46. Kh1 f5 47. Bf3 g5 48. g4 Rf2 49. Bg2 Rxf4 50. gxf5 Rxf5
51. Nd3 Kg7 52. Be4 Rf8 53. Kg2 Bb5 54. Nc5 Rf6 55. Bf3 Kg6
56. Ne4 Rf4 57. Nd6 Bd3 58. Rd1 Bc2 59. Rd2 Bb3 60. Be4+ Kf6
61. Bc6 Rg4+ 62. Kf3 Rd4 63. Ne4+ Ke5 64. Rxd4 Bxd4 65. Nc3
Bxc3 66. bxc3 Bd5+ 0-1

[Event "European Individual Championship"]
[Site "Jerusalem ISR"]
[Date "2015.03.03"]
[EventDate "2015.02.24"]
[Round "7.8"]
[Result "1/2-1/2"]
[White "Jan-Krzysztof Duda"]
[Black "Ilya Yulyevich Smirin"]
[WhiteElo "2591"]
[BlackElo "2650"]
[PlyCount "90"]

1. e4 e5 2. Nf3 Nc6 3. Bb5 a6 4. Ba4 Nf6 5. O-O Be7 6. Re1 b5
7. Bb3 d6 8. c3 O-O 9. h3 Na5 10. Bc2 c5 11. d4 Qc7 12. Nbd2
cxd4 13. cxd4 Rd8 14. b3 Bb7 15. Bb2 Nc6 16. Rc1 Qb6 17. d5
Nb4 18. Bb1 a5 19. Nf1 Na6 20. Ng3 g6 21. Qd2 Nc5 22. Kh2 Rdc8
23. Rcd1 b4 24. Nxe5 dxe5 25. Bxe5 Ncd7 26. Bb2 Bc5 27. f4 Re8
28. Re2 Qd8 29. Nf1 Rc8 30. Qe1 Ba6 31. Bd3 Bxd3 32. Rxd3 Nh5
33. Qd2 Ba7 34. g4 Nhf6 35. Ng3 Nc5 36. Rde3 Bb8 37. Bxf6 Qxf6
38. Rf3 Nd7 39. g5 Qd6 40. Kg2 Rc5 41. e5 Qa6 42. Ne4 Rxd5
43. Qxd5 Qxe2+ 44. Rf2 Qe3 45. Rf3 Qe2+ 1/2-1/2

[Event "European Individual Championship"]
[Site "Jerusalem ISR"]
[Date "2015.03.05"]
[EventDate "2015.02.24"]
[Round "9.22"]
[Result "0-1"]
[White "Jan-Krzysztof Duda"]
[Black "Boris Grachev"]
[WhiteElo "2591"]
[BlackElo "2670"]
[PlyCount "120"]

1. e4 c5 2. Nf3 e6 3. d4 cxd4 4. Nxd4 Nc6 5. Nc3 a6 6. Nxc6
bxc6 7. Bd3 d5 8. O-O Nf6 9. Re1 Be7 10. e5 Nd7 11. Qg4 Kf8
12. Qh5 Kg8 13. Bd2 Bb7 14. Na4 c5 15. b3 Qc7 16. c4 d4
17. Bf4 a5 18. Bc2 Qc6 19. f3 g6 20. Qh6 Bf8 21. Qh4 Qc7
22. Nb2 h6 23. Qg3 Kg7 24. Nd3 Be7 25. Bd2 Rag8 26. Re2 Kf8
27. Qe1 Bd8 28. a3 h5 29. Rb1 h4 30. h3 Kg7 31. Nf2 Rh5
32. Ng4 Re8 33. Kh1 Bc6 34. Bd3 Qb7 35. f4 Qa8 36. b4 axb4
37. axb4 Rhh8 38. Kh2 Be7 39. Ra1 Qb8 40. b5 Bb7 41. Kg1 Bd8
42. Ra3 Bb6 43. Ba5 Qc7 44. Rea2 Bxa5 45. Rxa5 Ra8 46. Nf6
Nxf6 47. exf6+ Kxf6 48. b6 Qd6 49. Qe5+ Qxe5 50. fxe5+ Kg5
51. Rxa8 Rxa8 52. Rxa8 Bxa8 53. Be2 d3 54. Bxd3 Kf4 55. Kf2
Kxe5 56. g3 g5 57. Bh7 Kd6 58. g4 Bb7 59. Ke3 f6 60. Bg8 Bc8
0-1

[Event "European Individual Championship"]
[Site "Jerusalem ISR"]
[Date "2015.03.06"]
[EventDate "2015.02.24"]
[Round "10.51"]
[Result "0-1"]
[White "Tamas Petenyi"]
[Black "Jan-Krzysztof Duda"]
[WhiteElo "2428"]
[BlackElo "2591"]
[PlyCount "160"]

1. g3 d5 2. Bg2 Nf6 3. Nf3 e6 4. O-O Be7 5. d3 c5 6. Nbd2 Nc6
7. e4 b6 8. Re1 Bb7 9. Qe2 Qc7 10. e5 Nd7 11. h4 h6 12. Nf1
O-O-O 13. c3 Nf8 14. N1h2 f5 15. exf6 gxf6 16. d4 Bd6 17. dxc5
bxc5 18. b4 Kb8 19. bxc5 Bxc5 20. Be3 Bxe3 21. Qxe3 e5
22. Rab1 Nd7 23. Nd2 Nb6 24. c4 dxc4 25. Rec1 Rd4 26. Nhf3 f5
27. Nxd4 exd4 28. Qe6 c3 29. Nb3 Rd8 30. Nc5 Qd6 31. Qxd6+
Rxd6 32. a4 Bc8 33. Rb5 Kc7 34. a5 Nc4 35. Nb3 N4e5 36. Nxd4
Rxd4 37. f4 Ng4 38. Rc5 Bd7 39. R5xc3 Rd6 40. a6 Nf6 41. Rb3
Bc8 42. Rxc6+ Rxc6 43. Bxc6 Kxc6 44. Rb8 Bxa6 45. Rf8 Ng4
46. Rxf5 Bc4 47. Rf8 a5 48. h5 Bd5 49. Kf1 Kc7 50. Ke2 a4
51. Kd3 a3 52. Kc3 a2 53. Kb2 Ne3 54. Rf6 Nc2 55. Ra6 a1=Q+
56. Rxa1 Nxa1 57. g4 Nb3 58. g5 Nd4 59. gxh6 Bg8 60. Kc3 Nf5
61. Kd3 Kd6 62. Ke4 Ke6 63. Kf3 Kf6 64. Ke4 Bh7 65. Kd5 Ne3+
66. Kd4 Ng4 67. Kd5 Nf2 68. Kd4 Nh3 69. Kd5 Nxf4+ 70. Kd4 Ke6
71. Ke3 Ke5 72. Kf3 Nd5 73. Kg4 Ke4 74. Kg5 Kf3 75. Kh4 Kf4
76. Kh3 Ne3 77. Kh4 Ng2+ 78. Kh3 Kf3 79. Kh2 Nf4 80. Kg1 Ke2
0-1

[Event "European Individual Championship"]
[Site "Jerusalem ISR"]
[Date "2015.03.08"]
[EventDate "2015.02.24"]
[Round "11.28"]
[Result "1/2-1/2"]
[White "Jan-Krzysztof Duda"]
[Black "Ivan Saric"]
[WhiteElo "2591"]
[BlackElo "2661"]
[PlyCount "176"]

1. e4 e5 2. Nf3 Nc6 3. Bb5 a6 4. Ba4 Nf6 5. O-O Be7 6. Re1 b5
7. Bb3 d6 8. c3 O-O 9. h3 Nb8 10. d4 Nbd7 11. Nbd2 Bb7 12. Bc2
c5 13. d5 Qc7 14. Nf1 c4 15. Ng3 g6 16. Be3 a5 17. Qd2 Rfb8
18. Rec1 Ba6 19. b4 axb4 20. cxb4 Nb6 21. Ne2 Bc8 22. Nc3 Bd7
23. a3 Ra6 24. Rcb1 Rba8 25. Qc1 Nh5 26. Bd1 Qd8 27. a4 bxa4
28. b5 Ra5 29. Nd2 Rc8 30. Bxh5 gxh5 31. Rb4 Raa8 32. Nf3 f5
33. Ng5 Bxg5 34. Bxg5 Qc7 35. Kh2 f4 36. g3 fxg3+ 37. Kxg3 Rf8
38. Qe3 a3 39. Rbb1 Kh8 40. Kh2 Rf7 41. f4 Rg8 42. Rf1 h6
43. Bxh6 exf4 44. Rxf4 Rxf4 45. Bxf4 Be8 46. Qd4+ Kh7 47. Rxa3
Qf7 48. Ne2 Nd7 49. Rg3 Rxg3 50. Kxg3 h4+ 51. Kf2 Nc5 52. b6
Qd7 53. Kg2 Bh5 54. Nc3 Qf7 55. Qe3 Nd3 56. Bg5 Qg7 57. e5
Nxe5 58. Ne4 Bf3+ 59. Kf2 c3 60. Nxc3 Qf7 61. Ke1 Bxd5 62. Bf4
Ng6 63. Bxd6 Bg2 64. Ne2 Qf1+ 65. Kd2 Qf6 66. Qd4 Qf7 67. Nc3
Bxh3 68. Nd5 Bg2 69. Nf6+ Kh8 70. Ne4+ Kg8 71. Nf6+ Kh8
72. Kc3 h3 73. Bc7 h2 74. Bxh2 Kg7 75. Nd7+ Kh7 76. Bc7 Qf3+
77. Kb4 Kh6 78. Nc5 Qe2 79. Qc3 Ne7 80. Ka3 Qf3 81. Qxf3 Bxf3
82. Bg3 Nc8 83. Bc7 Nxb6 84. Bxb6 Kg6 85. Kb4 Bd5 86. Kc3 Kf5
87. Kd4 Bh1 88. Bc7 Bg2 1/2-1/2

[Event "Bundesliga 2014/15"]
[Site "Baden-Baden GER"]
[Date "2015.04.12"]
[EventDate "2014.10.18"]
[Round "15.2"]
[Result "0-1"]
[White "Sebastian Bogner"]
[Black "Jan-Krzysztof Duda"]
[WhiteElo "2599"]
[BlackElo "2599"]
[PlyCount "118"]

1. d4 d5 2. c4 e6 3. Nf3 Nf6 4. g3 dxc4 5. Bg2 a6 6. O-O Nc6
7. Nc3 Be7 8. Qa4 O-O 9. Qxc4 b5 10. Qd3 Bb7 11. Bg5 Nb4
12. Qb1 c5 13. dxc5 Bxc5 14. Bxf6 Qxf6 15. Ng5 Qxg5 16. Bxb7
Rab8 17. Be4 g6 18. a3 Nd5 19. Bxd5 exd5 20. Qd3 Qe5 21. Qxd5
Bd4 22. Qxe5 Bxe5 23. Rfc1 Rfd8 24. Rc2 Rbc8 25. Rac1 Rc4
26. Kf1 b4 27. axb4 Rxb4 28. Nd1 Kg7 29. Ra1 a5 30. Ke1 a4
31. h4 h5 32. Ra2 Rd7 33. f4 Bf6 34. e3 Rdb7 35. Kd2 Rb3
36. Rxa4 Bxb2 37. Ke2 Bf6 38. Nf2 Bd8 39. Nd3 Bb6 40. e4 Rd7
41. Rd2 Bg1 42. Ra1 Bb6 43. Rad1 Rd4 44. e5 Re4+ 45. Kf1 Re3
46. Kg2 Ra3 47. Rb2 Bd8 48. Rb8 Rexd3 49. Rxd8 Rxg3+ 50. Kh2
Rh3+ 51. Kg2 Rag3+ 52. Kf2 Rf3+ 53. Kg2 Rhg3+ 54. Kh2 Rg4
55. e6 Rf2+ 56. Kh1 Re2 57. f5 Rxh4+ 58. Kg1 Rg4+ 59. Kf1 Re5
0-1

[Event "Lake Sevan"]
[Site "Martuni ARM"]
[Date "2015.07.13"]
[EventDate "2015.07.12"]
[Round "2.5"]
[Result "0-1"]
[White "Robert Hovhannisyan"]
[Black "Jan-Krzysztof Duda"]
[WhiteElo "2611"]
[BlackElo "2632"]
[PlyCount "232"]

1. c4 c5 2. Nf3 Nc6 3. d4 cxd4 4. Nxd4 Qb6 5. e3 Nf6 6. Nc3 g6
7. Be2 Bg7 8. O-O d6 9. b3 O-O 10. Bb2 Rd8 11. Rc1 Bd7 12. Qd2
Nxd4 13. exd4 a5 14. Ba3 Bc6 15. Qe3 Re8 16. Rfe1 d5 17. Bf3
e6 18. c5 Qd8 19. Qd3 Nd7 20. Nb5 e5 21. Nd6 Re6 22. dxe5 Nxe5
23. Rxe5 Rxe5 24. Bb2 Re6 25. Bxg7 Kxg7 26. Bxd5 Qg5 27. Qc3+
f6 28. Bxc6 bxc6 29. Qc4 Ra7 30. h4 Qe5 31. h5 Rae7 32. Nc8
Rd7 33. Nd6 Qe2 34. Qd4 Kg8 35. h6 Re5 36. Qf4 Rde7 37. Ra1
Rxc5 38. Nc8 Rd7 39. g3 Qe5 40. Qxe5 Rxe5 41. Rc1 Rc7 42. Nd6
Kf8 43. Nc4 Rd5 44. Kg2 Kf7 45. Ne3 Rb5 46. Rc3 Ke6 47. g4 f5
48. gxf5+ gxf5 49. f4 a4 50. bxa4 Rb4 51. Kf3 Rxa4 52. Rc5 Ra3
53. Re5+ Kd6 54. Kf2 Rxa2+ 55. Kg3 c5 56. Nxf5+ Kd7 57. Re7+
Kd8 58. Rg7 c4 59. Rg8+ Kd7 60. Rg7+ Kc6 61. Nd4+ Kb6 62. f5
c3 63. f6 c2 64. Rxc7 Kxc7 65. Nxc2 Kd7 66. Ne3 Ke6 67. Ng4
Kf5 68. Kh4 Ra3 69. f7 Ra8 70. Kh5 Ke6 71. Kg5 Ra5+ 72. Kh4
Kxf7 73. Ne3 Kg6 74. Kg4 Ra4+ 75. Kg3 Kg5 76. Kf3 Rf4+ 77. Kg3
Ra4 78. Kf3 Ra3 79. Ke4 Ra5 80. Kf3 Rb5 81. Ke4 Rb4+ 82. Kf3
Kxh6 83. Nd5 Ra4 84. Nf6 Kg6 85. Ne4 Kf5 86. Nd6+ Ke5 87. Nf7+
Ke6 88. Nh6 Kf6 89. Kg3 Kg6 90. Ng4 Kg5 91. Nf2 Ra3+ 92. Kg2
Kh4 93. Ne4 Re3 94. Nf2 Rg3+ 95. Kh2 Rg6 96. Nd3 Rg5 97. Nf2
Rg3 98. Kh1 Ra3 99. Kg2 Kg5 100. Nh3+ Kf5 101. Nf2 h6 102. Nh3
h5 103. Nf2 h4 104. Nh3 Rg3+ 105. Kh2 Kg4 106. Nf2+ Kf3
107. Nd3 Ke3 108. Ne5 Kf4 109. Nd7 Kf5 110. Nb6 Kg4 111. Nd7
h3 112. Nf6+ Kh4 113. Ne4 Rg2+ 114. Kh1 Re2 115. Nc3 Re3
116. Nd5 Re1+ 0-1

[Event "Lake Sevan"]
[Site "Martuni ARM"]
[Date "2015.07.14"]
[EventDate "2015.07.12"]
[Round "3.1"]
[Result "0-1"]
[White "Jan-Krzysztof Duda"]
[Black "Samvel Ter-Sahakyan"]
[WhiteElo "2632"]
[BlackElo "2593"]
[PlyCount "148"]

1. d4 d5 2. c4 c6 3. Nc3 Nf6 4. e3 e6 5. Nf3 Nbd7 6. Qc2 Bd6
7. Bd3 O-O 8. O-O dxc4 9. Bxc4 a6 10. Rd1 b5 11. Bd3 Qc7
12. Bd2 c5 13. Ne4 c4 14. Nxd6 Qxd6 15. Be2 Bb7 16. b3 Rfc8
17. Qb2 Rab8 18. Rac1 Ng4 19. h3 Bxf3 20. Bxf3 Qh2+ 21. Kf1
Ngf6 22. bxc4 e5 23. c5 e4 24. Bg4 Nxg4 25. hxg4 Nf6 26. Ke2
Nxg4 27. Rg1 Rc6 28. Rcf1 Rf6 29. Kd1 Rxf2 30. Qb3 Qg3 31. c6
Rc8 32. d5 Ne5 33. Kc1 Nd3+ 34. Kc2 Qxe3 35. Rxf2 Qxf2 36. Rd1
Qc5+ 37. Kb1 a5 38. a4 bxa4 39. Qb7 Rf8 40. c7 a3 41. Qc6 Qxc6
42. dxc6 Rc8 43. Bxa5 Kf8 44. Rh1 Ke7 45. Rxh7 Ne5 46. Ka2
Nxc6 47. Bb6 Nb4+ 48. Kxa3 Nd5 49. Bf2 Rxc7 50. Bh4+ Ke6
51. Rxg7 Rb7 52. Rg8 Ne3 53. g4 Nc4+ 54. Ka4 Ke5 55. Bg3+ Kd4
56. g5 Kc3 57. Be1+ Kd3 58. g6 fxg6 59. Rxg6 e3 60. Re6 Rb1
61. Bh4 Rh1 62. Bg3 Rg1 63. Bh4 Rg4 64. Be1 Nd2+ 65. Kb5 Ke2
66. Re8 Rg1 67. Bh4 Nf3 68. Be7 Kd3 69. Bb4 Rb1 70. Kc5 Rc1+
71. Kd5 e2 72. Re4 Rb1 73. Bc3 Rb5+ 74. Kc6 Rb3 0-1

[Event "Lake Sevan"]
[Site "Martuni ARM"]
[Date "2015.07.15"]
[EventDate "2015.07.12"]
[Round "4.4"]
[Result "0-1"]
[White "Vidit Santosh Gujrathi"]
[Black "Jan-Krzysztof Duda"]
[WhiteElo "2643"]
[BlackElo "2632"]
[PlyCount "128"]

1. d4 d5 2. c4 c6 3. Nf3 Nf6 4. e3 e6 5. Bd3 Nbd7 6. Nbd2 b6
7. O-O Bb7 8. e4 dxe4 9. Nxe4 Be7 10. Qe2 Nxe4 11. Bxe4 O-O
12. Bf4 Nf6 13. Bc2 c5 14. Rad1 cxd4 15. Nxd4 Qc8 16. Nb5 Qc6
17. f3 a6 18. Nd6 b5 19. cxb5 axb5 20. Bb3 Ba6 21. Rc1 Qb6+
22. Qf2 Qxf2+ 23. Kxf2 Rfd8 24. Rfd1 Kf8 25. g4 g5 26. Bg3 Ne8
27. Nxe8 Rxd1 28. Rxd1 Kxe8 29. Be5 Bb7 30. Rc1 b4 31. Ke2 Bd5
32. Bxd5 exd5 33. Rc6 Kd7 34. Rb6 Bc5 35. Rb8 Rxa2 36. Kd3 Ra1
37. Bg3 Rd1+ 38. Kc2 Rf1 39. Rb7+ Ke6 40. Rb5 Bf2 41. Bb8 Bg1
42. Rxb4 Rxf3 43. Ra4 d4 44. Ra6+ Kd5 45. Ra5+ Kc4 46. b3+ Kb4
47. Ra4+ Kb5 48. Ra1 d3+ 49. Kc3 Bc5 50. Ra4 Rh3 51. Bg3 h5
52. Re4 h4 53. Bb8 Be3 54. Re5+ Kc6 55. Rf5 Bc1 56. Rxf7 Re3
57. Rf6+ Kb7 58. Rf8 d2+ 59. Kc2 Rc3+ 60. Kd1 Ba3 61. Rd8 Bb4
62. Ke2 Rc1 63. Rxd2 Bxd2 64. Kxd2 Rc5 0-1

[Event "Lake Sevan"]
[Site "Martuni ARM"]
[Date "2015.07.16"]
[EventDate "2015.07.12"]
[Round "5.1"]
[Result "1/2-1/2"]
[White "Jan-Krzysztof Duda"]
[Black "David Anton Guijarro"]
[WhiteElo "2632"]
[BlackElo "2626"]
[PlyCount "56"]

1. e4 e6 2. d4 d5 3. Nd2 Be7 4. Bd3 c5 5. dxc5 Nf6 6. exd5
Nxd5 7. Ne4 O-O 8. Bd2 Nd7 9. Nf3 f5 10. Nc3 Nxc5 11. Bc4 Nb6
12. Bb3 a5 13. a3 Nxb3 14. cxb3 Nd7 15. O-O Nc5 16. Be3 Qxd1
17. Raxd1 Nxb3 18. Na4 b5 19. Nb6 Ra6 20. Ne5 Bc5 21. Bxc5
Nxc5 22. Rc1 Nd3 23. Nxd3 Rxb6 24. Ne5 b4 25. Rc5 bxa3
26. bxa3 Ba6 27. Nd7 Bxf1 28. Nxb6 Rb8 1/2-1/2

[Event "Lake Sevan"]
[Site "Martuni ARM"]
[Date "2015.07.17"]
[EventDate "2015.07.12"]
[Round "6.4"]
[Result "0-1"]
[White "A R Saleh Salem"]
[Black "Jan-Krzysztof Duda"]
[WhiteElo "2615"]
[BlackElo "2632"]
[PlyCount "80"]

1. d4 Nf6 2. c4 e6 3. Nf3 b6 4. g3 Bb7 5. Bg2 Be7 6. Nc3 Ne4
7. Bd2 Bf6 8. O-O O-O 9. Ne5 Nxc3 10. Bxc3 Bxg2 11. Kxg2 c5
12. dxc5 bxc5 13. Qd6 Be7 14. Qd3 f6 15. Qf3 Qc7 16. Qxa8 Nc6
17. Qxf8+ Bxf8 18. Nxc6 Qxc6+ 19. f3 Qa6 20. b3 d5 21. e3 dxc4
22. Kf2 Qa3 23. Rfb1 Bd6 24. Ke1 h5 25. Kd2 Qa6 26. Rd1 Bc7
27. Kc2 cxb3+ 28. axb3 Qe2+ 29. Rd2 Qxf3 30. Rxa7 Qe4+ 31. Rd3
c4 32. bxc4 Bb6 33. Rd7 Qxc4 34. Kd1 e5 35. Bd2 Kh7 36. Ke1
Qe4 37. Kd1 Bd4 38. R7xd4 exd4 39. Rxd4 Qf3+ 40. Kc2 Qe2 0-1

[Event "Lake Sevan"]
[Site "Martuni ARM"]
[Date "2015.07.18"]
[EventDate "2015.07.12"]
[Round "7.1"]
[Result "1/2-1/2"]
[White "Jan-Krzysztof Duda"]
[Black "Vladislav Artemiev"]
[WhiteElo "2632"]
[BlackElo "2660"]
[PlyCount "52"]

1. e4 c5 2. Nf3 d6 3. Bb5+ Nd7 4. d4 cxd4 5. Qxd4 a6 6. Bxd7+
Bxd7 7. Nc3 Rc8 8. O-O e5 9. Qd3 h6 10. Nd2 Nf6 11. Nc4 Qc7
12. Ne3 Be7 13. a4 Be6 14. Bd2 Qc5 15. Rfd1 O-O 16. Be1 Rfd8
17. a5 Rc7 18. Na4 Qc6 19. Nb6 Qxe4 20. Qxe4 Nxe4 21. Ned5
Bxd5 22. Nxd5 Rcd7 23. Nb6 Rc7 24. Nd5 Rcd7 25. Nb6 Rc7
26. Nd5 Rcd7 1/2-1/2

[Event "Lake Sevan"]
[Site "Martuni ARM"]
[Date "2015.07.19"]
[EventDate "2015.07.12"]
[Round "8.1"]
[Result "1/2-1/2"]
[White "Hovhannes Gabuzyan"]
[Black "Jan-Krzysztof Duda"]
[WhiteElo "2589"]
[BlackElo "2632"]
[PlyCount "67"]

1. c4 e5 2. g3 Nc6 3. Bg2 f5 4. Nc3 Nf6 5. e3 g6 6. Nge2 Bg7
7. O-O O-O 8. d3 d6 9. Rb1 a5 10. a3 Be6 11. Nd5 Qd7 12. Nec3
g5 13. d4 Ne8 14. b4 axb4 15. axb4 exd4 16. exd4 f4 17. Ne4
Bg4 18. f3 Bf5 19. Bb2 Ra2 20. Nxg5 Rxb2 21. Rxb2 Bxd4+
22. Rbf2 h6 23. g4 Bxg4 24. Nh7 Qxh7 25. fxg4 Qg7 26. b5 Bxf2+
27. Rxf2 Ne5 28. Nxf4 Qxg4 29. Qxg4+ Nxg4 30. Bd5+ Kh7
31. Be4+ Kg8 32. Bd5+ Kh7 33. Be4+ Kg8 34. Bd5+ 1/2-1/2

[Event "Lake Sevan"]
[Site "Martuni ARM"]
[Date "2015.07.20"]
[EventDate "2015.07.12"]
[Round "9"]
[Result "1/2-1/2"]
[White "Jan-Krzysztof Duda"]
[Black "Tigran Levonovich Petrosian"]
[WhiteElo "2632"]
[BlackElo "2630"]
[PlyCount "83"]

1. e4 d5 2. exd5 Qxd5 3. Nc3 Qd6 4. d4 Nf6 5. Nf3 g6 6. Nb5
Qd8 7. Bf4 Na6 8. Be2 c6 9. Na3 Nc7 10. O-O Ncd5 11. Be5 Bh6
12. Re1 O-O 13. Bf1 Nf4 14. Nc4 Ng4 15. Bxf4 Bxf4 16. c3 Bh6
17. a4 Qc7 18. a5 Rb8 19. g3 Nf6 20. Bg2 b5 21. axb6 axb6
22. Nfe5 Be6 23. Nxc6 Bxc4 24. Ra7 Qd6 25. Nxb8 Rxb8 26. Raxe7
Bf8 27. R7e5 h5 28. Qf3 Kg7 29. h3 Qc7 30. Qc6 Qxc6 31. Bxc6
Bd6 32. R5e3 h4 33. gxh4 Rc8 34. Bg2 Rc7 35. Ra1 b5 36. Bf1
Bf4 37. Ree1 Bxf1 38. Kxf1 b4 39. cxb4 Rb7 40. Ra4 Nd5 41. h5
gxh5 42. Ra5 1/2-1/2

[Event "World Rapid Championship"]
[Site "Berlin GER"]
[Date "2015.10.10"]
[EventDate "2015.10.10"]
[Round "2.66"]
[Result "1-0"]
[White "Jan-Krzysztof Duda"]
[Black "Dennes Abel"]
[WhiteElo "2658"]
[BlackElo "2441"]
[PlyCount "73"]

1. d4 d5 2. c4 c6 3. Nc3 Nf6 4. e3 e6 5. Nf3 Nbd7 6. Qc2 b6
7. b3 Bb7 8. Bb2 Bd6 9. Bd3 O-O 10. O-O Qe7 11. e4 dxc4
12. bxc4 e5 13. Ne2 Rfe8 14. Ng3 g6 15. c5 bxc5 16. dxe5 Nxe5
17. Bxe5 Bxe5 18. Nxe5 Qxe5 19. Rab1 Bc8 20. Kh1 c4 21. Qxc4
Be6 22. Qc2 Nh5 23. Nxh5 Qxh5 24. f4 Bg4 25. f5 Rad8 26. Rb7
Rf8 27. Bc4 gxf5 28. Qf2 Qg5 29. Rxa7 Rd2 30. Qg3 Rd4 31. Qb3
Bh5 32. exf5 Qf6 33. a4 Kh8 34. Rb7 Qh4 35. Bxf7 Rf4 36. Qc3+
Rd4 37. Bxh5 1-0

[Event "World Rapid Championship"]
[Site "Berlin GER"]
[Date "2015.10.10"]
[EventDate "2015.10.10"]
[Round "4.60"]
[Result "1-0"]
[White "Jan-Krzysztof Duda"]
[Black "Christian Seel"]
[WhiteElo "2658"]
[BlackElo "2474"]
[PlyCount "111"]

1. d4 Nf6 2. c4 g6 3. Nf3 Bg7 4. g3 d5 5. cxd5 Nxd5 6. Bg2 Nb6
7. Nc3 Nc6 8. e3 O-O 9. O-O Re8 10. a3 e5 11. d5 Na5 12. Qc2
e4 13. Nxe4 Qxd5 14. Nd4 Qc4 15. Qd1 Bf5 16. Nxf5 gxf5 17. Nd2
Qd3 18. Ra2 Rad8 19. b4 Nc6 20. Qc2 Qxc2 21. Rxc2 Nd5 22. Nb3
Ne5 23. Nd4 Nd3 24. Nxf5 Nxc1 25. Rfxc1 c6 26. Nxg7 Kxg7
27. b5 cxb5 28. Rc5 Nb6 29. Rxb5 Re7 30. Rcb1 Nc4 31. h4 Nxa3
32. Rg5+ Kf8 33. Rxb7 Rd1+ 34. Kh2 Rxb7 35. Bxb7 Rd2 36. Kg2
Nc4 37. Kf1 Rd1+ 38. Ke2 Rd2+ 39. Ke1 Rb2 40. Be4 Nd2 41. Bd5
f6 42. Rg8+ Ke7 43. Rg7+ Kd6 44. Rxa7 Kxd5 45. Rd7+ Ke4
46. Rxd2 Rxd2 47. Kxd2 Kf3 48. Ke1 f5 49. Kf1 h6 50. Kg1 Ke4
51. Kg2 h5 52. Kg1 Kd3 53. Kf1 Kd2 54. e4 fxe4 55. g4 hxg4
56. Kg2 1-0

[Event "World Rapid Championship"]
[Site "Berlin GER"]
[Date "2015.10.10"]
[EventDate "2015.10.10"]
[Round "5.37"]
[Result "1/2-1/2"]
[White "Zoltan Almasi"]
[Black "Jan-Krzysztof Duda"]
[WhiteElo "2689"]
[BlackElo "2658"]
[PlyCount "127"]

1. Nf3 d5 2. g3 c6 3. Bg2 Bg4 4. c4 e6 5. Qb3 Qb6 6. Ne5 Bf5
7. Nc3 Nf6 8. d3 Nbd7 9. Nxd7 Nxd7 10. O-O d4 11. Qxb6 axb6
12. Nb1 Be7 13. Nd2 O-O 14. a3 Rfd8 15. Rb1 Nc5 16. b3 Bg6
17. Re1 e5 18. b4 Na4 19. b5 Rac8 20. Rb3 Rc7 21. Nf3 f6
22. Nh4 Be8 23. bxc6 bxc6 24. f4 exf4 25. Bxf4 Ra7 26. Nf5 Bc5
27. e3 dxe3 28. Bxe3 Bg6 29. d4 Bf8 30. g4 Bf7 31. Bxc6 Bxc4
32. Rbb1 Bd5 33. Bxd5+ Rxd5 34. Rb3 Rc7 35. Bf2 Kf7 36. Ng3
Rc3 37. Reb1 Rc2 38. Ne4 h5 39. h3 hxg4 40. hxg4 Re2 41. Ng3
Ra2 42. Rc1 Rg5 43. Rc7+ Kg6 44. Ra7 b5 45. Kf1 Rxa3 46. Rxa3
Bxa3 47. Nf5 Rxg4 48. Nxg7 Re4 49. d5 Bc5 50. Bxc5 Nxc5
51. Rc7 Nd3 52. d6 Re1+ 53. Kg2 Ne5 54. Ne6 Rd1 55. d7 Nxd7
56. Rxd7 Rxd7 57. Nf8+ Kf5 58. Nxd7 Ke6 59. Nc5+ Kd5 60. Na6
Kc4 61. Kf3 b4 62. Nxb4 Kxb4 63. Ke4 f5+ 64. Kxf5 1/2-1/2